| 000 | 01371nam a2200241Ia 4500 | ||
|---|---|---|---|
| 003 | Ost | ||
| 005 | 20260507075250.0 | ||
| 008 | 260507s9999||||xx |||||||||||||| ||und|| | ||
| 040 | _cfsecg | ||
| 041 | _aara | ||
| 082 | _a330 | ||
| 100 |
_aالسويدان، محمد بن وليد بن عبد اللطيف _eمؤلف |
||
| 245 | 0 |
_aالتكلفة الفعلية في المصارف الإسلامية : _bالأسباب والضوابط / _c محمد بن وليد بن عبد اللطيف السويدان |
|
| 260 |
_aعمان: _bدار النفائس, _c2011 |
||
| 300 |
_a294 صفحة؛ _bإيضاحات ؛ _c24 سم |
||
| 504 | _aمراجع ص.275 (اقتناءات 2014 3ن) | ||
| 520 | _a-الاصل في المعاملات المالية -الضوابط الشرعية للمعاملات المالية -لمحة موجزة عن المصرفية الاسلامية -مشروعية قيد العوض بقدر التكلفة الفعلية في خدمات المصارف الاسلامية:الاسباب الشرعية المقتضية لاشتراط قيد العوض بقدر التكلفة الفعلية -قرارات وفتاوى لمجامع فقهية | ||
| 653 | _aالإقتصاد الإسلامي | ||
| 653 | _aالبنوك الاسلامية | ||
| 653 | _aالتكاليف | ||
| 653 | _aالمصارف الاسلامية | ||
| 942 | _cكتاب | ||
| 999 |
_c43688 _d43688 |
||